000 00462nam a2200169 i 4500
001 99292
003 ES-MaACL
005 20231222205020.0
007 t|
008 050906s1963 sp ||||1| spa d
100 1 _aMartín Gaite, Carmen,
_d1925-2000
_977496
245 1 0 _aRitmo lento /
_cCarmen Martín Gaite.
260 _aBarcelona :
_bSeix Barral,
_c1963.
300 _a270 p. ;
_c19 cm.
852 _aES-MaACL
_jC-23011
999 _c99292
_d99292